| 000 | 01084cam a22002893a 4500 | ||
|---|---|---|---|
| 001 | 39314 | ||
| 003 | PGUSA | ||
| 005 | 20140828083855.0 | ||
| 008 | 120331s2012||||xxu|||||s|||||000 | eng d | ||
| 040 |
_aPGUSA _beng |
||
| 042 | _adc | ||
| 050 | 4 | _aDC | |
| 100 | 1 |
_aTallemant des Réaux, _d1619-1690 |
|
| 245 | 1 | 0 |
_aLes historiettes de Tallemant des Réaux, tome troisième : _bMémoires pour servir à l'histoire du XVIIe siècle _h[electronic resource] / _cTallemant des Réaux |
| 260 |
_bProject Gutenberg, _c2012 |
||
| 506 | _aPublic domain in the USA. | ||
| 516 | _aElectronic text | ||
| 653 | _aFrance -- History -- Louis XIII, 1610-1643 | ||
| 653 | _aFrance -- Biography | ||
| 653 | _aFrance -- History -- Louis XIV, 1643-1715 | ||
| 700 | 1 |
_aMonmerqué, L.-J.-N. _q(Louis-Jean-Nicolas), _d1780-1860 |
|
| 700 | 1 |
_aChateaugiron, H. de, marquis de _q(René-Charles-Hippolyte Le Prestre de Lézonnet), _d1774-1848 |
|
| 700 | 1 |
_aTaschereau, Jules-Antoine, _d1801-1874 |
|
| 830 | 0 |
_aProject Gutenberg _v39314 |
|
| 856 | 4 | 0 | _uhttp://www.gutenberg.org/ebooks/39314 |
| 942 | _cEB | ||
| 999 |
_c268567 _d268567 |
||